000 01146nam a22002894a 4500
003 AR-BaSMT
008 240619t2004 uka|||cr|||| 000 0 eng d
020 _a9780746074862
040 _aBSGB
_bespañol
_erda
041 _aeng
_hinglés
080 _a94=111
100 1 _aTurnbull, Stephanie.
_9498
245 1 _aElizabeth I
250 _aprimera edición
264 1 _aLondres :
_bUsborne,
_c2004.
300 _a34 páginas
_bilustraciones a color
336 _aTexto
337 _aSin mediación
338 _aVolúmen
490 _aBeginners
500 _aDesigned by Laura Parker; Illustrated by Colin King.
520 _aWho was Queen Elizabeth I and when did she live? What did she wear and who were her enemies? These and other questions are answered with vivid, full colour illustrations and photographs on every page, and short informative text. Usborne Beginners are colourful information books for children beginning to read on their own. Includes links to carefully selected websites via Usborne Quicklinks.
521 _aSecundaria
650 0 _9280
_aHISTORIA
_vInglés
942 _2udc
_aBOOK
999 _c671
_d671